000 00838nam a2200253Ia 4500
003 OSt
005 20220928123641.0
006 a|||||r|||| 00| 0
007 ta
008 220927b |||||||| |||| 00| 0 eng d
020 _c2500
024 _a118896
037 _b53, 15/07/2013, Classic Book Service
_cTextual
040 _aSDCL
_cSDCL
_beng
041 _2eng
_aeng
082 _aR:(A), P7.15-1 RR
100 _aGupta Jyoti Bhusan Das Ed.
_9461329
245 0 _aHistory of Science,philosophy and Culture in Indian Civilization.V 15 Pt 1.
260 _aNew Delhi
_bPearson
_c2007
300 _axli,876p
_ccm.
650 _aPolitical Science
942 _hR:(A), P7.15-1 RR
_cTEXL
_2CC
999 _c774369
_d774369